banner-ar

السجين السياسى / (Record no. 56225)

MARC details
000 -الفاتح
حقل البيانات ثابتة الطول 00662nam a2200205Ia 4500
008 - عناصر البيانات ثابتة الطول - معلومات عامة
حقل البيانات ثابتة الطول 140319s9999 xx 000 0 ara d
040 ## - مصدر الفهرسة
وكالة الفهرسة الأصلية GCL /
وكالة النسخ GCL
082 04 - رقم تصنيف ديوى العشرى
رقم التصنيف 811.9
رقم المادة ر ش
100 1# - المدخل الرئيسى - إسم شخصى
الإسم الشخصى يحيى حسن جابر
245 10 - بيان العنوان
العنوان السجين السياسى /
بيان المسئوليه,etc يحيى حسن جابر
700 1# - المدخل الاضافى - اسم شخصى
الإسم الشخصى صلاح نيازى
700 1# - المدخل الاضافى - اسم شخصى
الإسم الشخصى فالح حسن عبدالرحمن
700 1# - المدخل الاضافى - اسم شخصى
الإسم الشخصى رعد مشتت
260 ## - PUBLICATION, DISTRIBUTION, ETC. (IMPRINT)
تاريخ النشر أو التوزيع 1988
490 ## - بيان السلسلة
عنوان السلسلة السلسلة الشعرية الاولى
رقم المجلد/ التعيين التسلسلي 0
650 04 - المدخل الاضافى بالموضوع-مصطلح موضوعى
مصطلح موضوعي الشعر العربى
650 04 - المدخل الاضافى بالموضوع-مصطلح موضوعى
مصطلح موضوعي دواوين وقصائد
942 ## - عناصر المدخل الإضافي( كوها)
مصدر التصنيف او مخطط الترفيف Dewey Decimal Classification
Koha [default] item type كتاب
260 ## - PUBLICATION, DISTRIBUTION, ETC. (IMPRINT)
-- [S.N] :
-- رياض الريس للكتب والنشر ،
Holdings
حالة التراجع حالة الفقد حالة تلف ليس للاعارة المكان المؤقت الموقع الحالى تاريخ الاكتساب اجمالي اﻻعارات رقم الطلب الباركود تاريخ اخر مشاهدة تاريخ تفعيل السعر نوع وعاء كوها
        مكتبة القاهرة الكبرى مكتبة القاهرة الكبرى 03/26/2014   811.9\ر ش 134841 03/26/2014 03/26/2014 كتاب

Powered By

EGPV